<?xml version="1.0" encoding="UTF-8"?>
<record
    xmlns:xsi="http://www.w3.org/2001/XMLSchema-instance"
    xsi:schemaLocation="http://www.loc.gov/MARC21/slim http://www.loc.gov/standards/marcxml/schema/MARC21slim.xsd"
    xmlns="http://www.loc.gov/MARC21/slim">

  <leader>01212nam a22002897i 4500</leader>
  <datafield tag="999" ind1=" " ind2=" ">
    <subfield code="c">23644</subfield>
    <subfield code="d">23644</subfield>
  </datafield>
  <controlfield tag="003">AR-CdUCM</controlfield>
  <controlfield tag="008">260427b        sp d|||| |||| 00| 0 spa d</controlfield>
  <datafield tag="020" ind1=" " ind2=" ">
    <subfield code="a">978-84-1382-130-6</subfield>
  </datafield>
  <datafield tag="040" ind1=" " ind2=" ">
    <subfield code="a">MUNICIPALIDAD PROVINCIAL DEL CUSCO</subfield>
    <subfield code="c">BIBLIOTECA MUNICIPAL DEL CUSCO</subfield>
  </datafield>
  <datafield tag="082" ind1=" " ind2=" ">
    <subfield code="2">12&#xAA; Ed.</subfield>
    <subfield code="a">610.73601</subfield>
    <subfield code="b">N22</subfield>
  </datafield>
  <datafield tag="100" ind1=" " ind2=" ">
    <subfield code="a">Herdman, T., Heather - Kamitsuru, Shigemi - Tak&#xE1;o Lopes, Camila (editores) </subfield>
  </datafield>
  <datafield tag="110" ind1=" " ind2=" ">
    <subfield code="a">NANDA International</subfield>
    <subfield code="9">52728</subfield>
  </datafield>
  <datafield tag="245" ind1=" " ind2=" ">
    <subfield code="a">Diagn&#xF3;sticos enfermeros : </subfield>
    <subfield code="b">Definiciones y clasificaci&#xF3;n 2021&#x2013;2023 / </subfield>
  </datafield>
  <datafield tag="260" ind1=" " ind2=" ">
    <subfield code="a">Barcelona, Espa&#xF1;a : </subfield>
    <subfield code="b">Elsevier Espa&#xF1;a</subfield>
    <subfield code="c">2021</subfield>
  </datafield>
  <datafield tag="300" ind1=" " ind2=" ">
    <subfield code="a">610 p&#xE1;ginas. : </subfield>
    <subfield code="c">15x23 cm.</subfield>
  </datafield>
  <datafield tag="505" ind1=" " ind2=" ">
    <subfield code="a">Promoci&#xF3;n de la salud -- Nutrici&#xF3;n -- Eliminaci&#xF3;n e intercambio -- Actividad/reposo -- Percepci&#xF3;n/cognici&#xF3;n -- Autopercepci&#xF3;n -- Rol/relaciones -- Sexualidad -- Afrontamiento/tolerancia al estr&#xE9;s -- Principios vitales -- Seguridad/protecci&#xF3;n </subfield>
  </datafield>
  <datafield tag="650" ind1=" " ind2=" ">
    <subfield code="a">Salud</subfield>
    <subfield code="9">8684</subfield>
  </datafield>
  <datafield tag="650" ind1=" " ind2=" ">
    <subfield code="a">Nutrici&#xF3;n </subfield>
    <subfield code="9">2384</subfield>
  </datafield>
  <datafield tag="650" ind1=" " ind2=" ">
    <subfield code="a">Actividad </subfield>
    <subfield code="9">52729</subfield>
  </datafield>
  <datafield tag="650" ind1=" " ind2=" ">
    <subfield code="a">Sexualidad </subfield>
    <subfield code="9">9609</subfield>
  </datafield>
  <datafield tag="650" ind1=" " ind2=" ">
    <subfield code="a">Principios vitales </subfield>
    <subfield code="9">52730</subfield>
  </datafield>
  <datafield tag="650" ind1=" " ind2=" ">
    <subfield code="a">Seguridad </subfield>
    <subfield code="9">35745</subfield>
  </datafield>
  <datafield tag="856" ind1=" " ind2=" ">
    <subfield code="f">www.elsevier.es</subfield>
  </datafield>
  <datafield tag="942" ind1=" " ind2=" ">
    <subfield code="2">ddc</subfield>
    <subfield code="c">LIBROS</subfield>
  </datafield>
  <datafield tag="945" ind1=" " ind2=" ">
    <subfield code="a">esh</subfield>
    <subfield code="d">27-04-2026</subfield>
  </datafield>
  <datafield tag="952" ind1=" " ind2=" ">
    <subfield code="0">0</subfield>
    <subfield code="2">ddc</subfield>
    <subfield code="4">0</subfield>
    <subfield code="7">0</subfield>
    <subfield code="a">SC</subfield>
    <subfield code="b">SC</subfield>
    <subfield code="c">CART</subfield>
    <subfield code="d">2026-04-27</subfield>
    <subfield code="e">Donaci&#xF3;n</subfield>
    <subfield code="g">400.00</subfield>
    <subfield code="o">610.73601 / N22</subfield>
    <subfield code="p">SC0000002480</subfield>
    <subfield code="r">2026-04-27</subfield>
    <subfield code="y">LIBROS</subfield>
  </datafield>
</record>
